Statystyki dla Pętle autobusowe linii 4XX w Warszawie

Kliknij tutaj aby rozwiązać quiz!

Ogólne statystyki

  • Ten quiz został rozwiązany 6 razy
  • Średni wynik to 3 z 5

Statystyki odpowiedzi

LiniaPętla% Poprawnych
402 ¦ Wynalazek - ...Marysin
100%
401 ¦ Ursynów Płd - ...Ursus-Niedźwiadek
80%
409 ¦ Cm.Północny-Brama Zach. - ...Bródno-Podgrodzie
60%
411 ¦ Metro Politechnika - ...Stara Miłosna (Graniczna)
60%
414 ¦ Bródno-PodgrodzieSzczęśliwice
20%

Rozkład punktacji

Percentyl według liczby udzielonych odpowiedzi

Procent ludzi z każdym wynikiem

Twoja historia wyników

Nie rozwiązałeś tego quizu